Good practice in the digital SMEs

Výskum zameraný na digitálne malé a stredné podniky, na nich sú formou prípadových štúdií popísané postupy, ktoré sú hodné nasledovania. Prípadové štúdie sú spracované v štruktúrovanej podobe s použitím indikátorov pre jednotlivé faktory úspechu. Faktory vysvetľujúce motiváciu pre zavedenie digitali...

Descripción completa

Guardado en:
Detalles Bibliográficos
Autor principal: Millard, Jeremy
Otros Autores: Havlíček, Jaroslav, Tichá, Ivana
Formato: Capítulo de libro
Lenguaje:inglés
Materias:
Etiquetas: Agregar Etiqueta
Sin Etiquetas, Sea el primero en etiquetar este registro!

MARC

LEADER 00000naa$a2200000$$$4500
001 0005757
005 20231113140134.9
041 0 |a eng 
044 |a CZ 
245 1 0 |a Good practice in the digital SMEs  |c aut. Jeremy Millard, Jaroslav Havlíček, Ivana Tichá 
520 |a Výskum zameraný na digitálne malé a stredné podniky, na nich sú formou prípadových štúdií popísané postupy, ktoré sú hodné nasledovania. Prípadové štúdie sú spracované v štruktúrovanej podobe s použitím indikátorov pre jednotlivé faktory úspechu. Faktory vysvetľujúce motiváciu pre zavedenie digitalizovaných postupov do podnikania. 
610 2 0 |a podnik malý 
610 2 0 |a podnik stredný 
610 2 0 |a digitalizácia 
610 2 0 |a podnikanie 
610 2 0 |a štúdie prípadové 
610 2 0 |a podnik virtuálny 
100 1 |a Millard, Jeremy 
700 1 |a Havlíček, Jaroslav 
700 1 |a Tichá, Ivana